00470 2200169 4500001002100000005001700021008004100038035002500079082001200104090002000116100002000136245006200156260003100218300002100249650001800270990001200288YOGYA-0612000000091920150406131935.0 ind  a0010-061200000000917 a839.313 a839.313bP oe W aP OE-SOENG LING aDe Wonderlijke verhalen van cen chinees / P oe-soeng Ling aAmsterdambDe Bezigec1947 a176 hlm.c24 cm. aFiksi Belanda a42980-a